Normalizácia a e-vzdelávanie
Skúsenosti z Ekonomickej univerzity v Bratislave, Katedry tovaroznalectva a kvality tovaru, pri vyučovaní predmetov, ktorých súčasťou je oboznamovanie študentov so základmi normalizácie, metrológie a skúšobníctva.
Salvato in:
| Autore principale: | |
|---|---|
| Natura: | Capitolo di libro |
| Lingua: | slovacco |
| Soggetti: | |
| Tags: |
Nessun Tag, puoi essere il primo ad aggiungerne!!
|
MARC
| LEADER | 00000naa a2200000 4500 | ||
|---|---|---|---|
| 001 | 0118816 | ||
| 005 | 20240502083310.1 | ||
| 041 | 0 | |a slo | |
| 044 | |a CZ | ||
| 245 | 1 | 0 | |a Normalizácia a e-vzdelávanie |c Ľudmila Kristová |
| 520 | |a Skúsenosti z Ekonomickej univerzity v Bratislave, Katedry tovaroznalectva a kvality tovaru, pri vyučovaní predmetov, ktorých súčasťou je oboznamovanie študentov so základmi normalizácie, metrológie a skúšobníctva. | ||
| 610 | 2 | 0 | |a predmety učebné |
| 610 | 2 | 0 | |a normalizácia |
| 610 | 2 | 0 | |a metrológia |
| 610 | 2 | 0 | |a skúšobníctvo štátne |
| 610 | 2 | 0 | |a vzdelávanie elektronické |
| 610 | 2 | 0 | |a Ekonomická univerzita v Bratislave |
| 100 | 1 | |a Kristová, Ľudmila | |